Catálogo
 En Linea

Informe anual de la cooperación para el desarrollo, República Dominicana : (Registro nro. 37917)

Detalles MARC
000 -CABECERA
campo de control de longitud fija 00525nam a2200133 a 4500
001 - NÚMERO DE CONTROL
campo de control 000038427
005 - FECHA Y HORA DE LA ÚLTIMA TRANSACCIÓN
campo de control 20250401130908.0
008 - DATOS DE LONGITUD FIJA--INFORMACIÓN GENERAL
campo de control de longitud fija 130426s1997 dr ad 000 0 spa d
040 ## - FUENTE DE LA CATALOGACIÓN
Centro catalogador/agencia de origen DO-SdBNP
Lengua de catalogación spa
Centro/agencia transcriptor BNPHU
110 2# - ENTRADA PRINCIPAL--NOMBRE DE ENTIDAD CORPORATIVA
Nombre de entidad corporativa o nombre de jurisdicción como elemento de entrada Programa de las Naciones Unidas para el Desarrollo
9 (RLIN) 187
245 10 - MENCIÓN DE TÍTULO
Título Informe anual de la cooperación para el desarrollo, República Dominicana :
Resto del título Informe 1992-1994 /.
260 ## - PUBLICACIÓN, DISTRIBUCIÓN, ETC.
Lugar de publicación, distribución, etc. Santo Domingo :
Nombre del editor, distribuidor, etc. Programa de las Naciones Unidas para el Desarrollo,
Fecha de publicación, distribución, etc. 1997.
300 ## - DESCRIPCIÓN FÍSICA
Extensión 161p. ; :
Otras características físicas il., gráfs. ;
Dimensiones 29 cm.
Existencias
Estado de retiro Estado de pérdida No para préstamo Código de colección Localización permanente Ubicación/localización actual Ubicación en estantería Fecha de adquisición Número de inventario Total de préstamos Signatura topográfica completa Código de barras Fecha visto por última vez Precio válido a partir de Tipo de ítem Koha
    Excluido de préstamo Patrimonio Dominicano Patrimonio Dominicano Patrimonio Dominicano En catalogación 11.04.2013 LF1   38427-10 25.06.2020 25.06.2020 Libro y Folleto Colección Patrimonio Dominicano

Con tecnología Koha